|
|
|
|
| LEADER |
00616nam a2200157 4500 |
| 082 |
|
|
|a 891.2092
|b KAL/B
|
| 100 |
|
|
|a Kalanath Sasthri
|9 19741
|
| 245 |
|
|
|a Bharathiya Sahithya Ke Nirmatha:
|b Bhattmadhuranath Sasthri Manjunath/
|c By Kalanath Sasthri.
|
| 260 |
|
|
|a Calcutta:
|b Sahithya Academi,
|c 2013.
|
| 300 |
|
|
|a 106p.
|
| 650 |
|
|
|a Biography Devarshi Kalanath Sasthri
|9 19742
|
| 650 |
|
|
|a Literatute Sanskrit
|9 19743
|
| 650 |
|
|
|a Sanskrit
|9 19744
|
| 942 |
|
|
|c BK
|
| 999 |
|
|
|c 67916
|d 67916
|
| 952 |
|
|
|0 0
|1 0
|4 0
|6 891_209200000000000_KAL_B
|7 0
|9 88348
|a SSUS
|b SSUS
|c STACKS
|d 2017-09-16
|g 50.00
|o 891.2092 KAL/B
|p 085120
|r 2017-09-16
|w 2017-09-16
|y BK
|